| 000 | 00356nam a2200133Ia 4500 | ||
|---|---|---|---|
| 008 | 240624s9999 xx 000 0 und d | ||
| 041 | _aeng | ||
| 082 | _a658.15 PON | ||
| 100 | _aPONIACHEK HARVEY A | ||
| 245 | _aCASES IN INTERNATIONAL FINANCE CASE STUD | ||
| 260 |
_c1993 _aNew York _bJohn Wiley and Sons |
||
| 300 | _a640 : p. : cm. ; 24 | ||
| 365 |
_c _b30 |
||
| 999 |
_c11577 _d11577 |
||